• 首页
  • 本馆介绍
  • 公告通知
  • 最新文献
  • 馆藏检索
  • 电子资源
  • 读者导购
  • 参考咨询
  • 我的图书馆
  • 登录
  • 详细信息显示
  • 放入我的书架
  • 预约/预借图书
  • 作者相关作品
  • 分类相关作品
  • 丛书相关作品
  • 出版社相关作品

书目信息

  • 表格格式
  • 工作单格式
  • 卡片格式
题名:
图说番茄病虫害诊断与防治
    
 
作者: 李金堂 编著
分册:  
出版信息: 北京   机械工业出版社  2014.04
页数: 104页
开本: 21cm
丛书名:
单 册:
中图分类: S436.412-64
科图分类:
主题词: 番茄--病虫害防治--图解 , 番茄 , 病虫害防治
电子资源:
ISBN: 978-7-111-46164-7
000 00940nam0 2200253 450
001 4989
005 20181013170053.22
010    @a978-7-111-46164-7@dCNY25.00
100    @a20140806d2014 em y0chiy50 ea
101 0  @achi
102    @aCN@b110000
105    @aa z 000yy
200 1  @a图说番茄病虫害诊断与防治@9tu shuo fan qie bing chong hai zhen duan yu fang zhi@f李金堂编著
210    @a北京@c机械工业出版社@d2014.04
215    @a104页@d21cm
300    @a高效种植致富直通车 全彩版
330    @a本书通过249幅番茄病害(虫害)田间原色生态图片及病原菌显微图片,介绍了番茄病害73种,虫害3种。书中每种病害或虫害一般有多张图片,从不同发病部位、不同发病时期的症状特点及害虫的不同虫态多个角度描述病害(虫害)。
606 0  @a番茄@x病虫害防治@j图解
606 0  @a番茄
606 0  @a病虫害防治
690    @aS436.412-64@v5
701  0 @a李金堂@9li jin tang@c(博士)@4编著
801  0 @aCN@b91MARC@c20150426
905    @aMuseLib@dS436.412-64@e139
    
    图说番茄病虫害诊断与防治/李金堂编著.-北京:机械工业出版社,2014.04
    104页;21cm
    高效种植致富直通车 全彩版
    
    ISBN 978-7-111-46164-7:CNY25.00
    本书通过249幅番茄病害(虫害)田间原色生态图片及病原菌显微图片,介绍了番茄病害73种,虫害3种。书中每种病害或虫害一般有多张图片,从不同发病部位、不同发病时期的症状特点及害虫的不同虫态多个角度描述病害(虫害)。
●
相关链接 在E读中查询图书 在五车中查询图书 在当当中查询图书 在豆瓣中查询图书


正题名:图说番茄病虫害诊断与防治     索取号:S436.412-64/139         预约/预借

序号 登录号 条形码 馆藏地/架位号 状态 备注
1 1127594   211275948   第二样本阅览室/ [索取号:S436.412-64/139] 在馆    
2 1127595   211275957   第三借阅区/ [索取号:S436.412-64/139] 在馆    
3 1127596   211275966   第三借阅区/ [索取号:S436.412-64/139] 在馆    
4 1127597   211275975   第三借阅区/ [索取号:S436.412-64/139] 在馆    
5 1127598   211275984   密集书库-生命科学系/ [索取号:S436.412-64/139] 在馆    
唐山师范学院图书馆 欢迎您!
大连网信软件有限公司© 版权所有